[Event "Girona Gerunda op"]
[Site "Girona"]
[Date "2018.10.23"]
[Round "5"]
[White "Puig Aliu, Daniel"]
[Black "Angelats Pignatelli, Daniel"]
[Result "0-1"]
[WhiteElo "1325"]
[BlackElo "1876"]
[PlyCount "44"]
[EventDate "2018.09.25"]
[EventType "swiss"]
[EventRounds "9"]
[EventCountry "ESP"]
[SourceTitle "EXT 2020"]
[Source "ChessBase"]
[SourceDate "2019.10.17"]
[SourceVersion "1"]
[SourceVersionDate "2019.10.17"]
[SourceQuality "1"]

1. d4 g6 2. c4 Bg7 3. Nf3 d6 4. g3 Nc6 5. Bg2 Bf5 6. Nc3 Nf6 7. a3 e5 8. d5 Ne7 9. b4 Qd7 10. 0-0 Bh3 11. Ng5 Bxg2 12. Kxg2 0-0 13. Nge4 Nxe4 14. Nxe4 h6 15. c5 f5 16. cxd6 cxd6 17. Nc3 e4 18. f4 Bxc3 19. Ra2 Qb5 20. Bb2 Bxb2 21. Rxb2 Nxd5 22. Rd2 Ne3+ 0-1